01362nac a22003011u 4500010001700000020002800017082001500045090001500060100003400075245010200109250001200211260004600223300002800269440005400297500002600351504005300377511002600430650008700456650006800543700002300611700002100634856009800655856009000753856007800843942001200921999001500933952011200948 a 2002004711 a0787960594 (alk. paper)00a371.2bDIA c5238d5238 a20080729 00aField guide to academic leadership /cRobert M. Diamond, editor ; Bronwyn Adam, assistant editor. a1st ed. aSan Francisco :bJossey-Bass,2002cc2002. axxxii, 526 p. ;c23 cm. 4aThe Jossey-Bass higher and adult education series adistributer: Al-Ahram aIncludes bibliographical references and indexes. acatalogued by: wessam 0aUniversities and collegeszUnited StatesxAdministrationvHandbooks, manuals, etc. 0aEducational leadershipzUnited StatesvHandbooks, manuals, etc.1 aDiamond, Robert M.1 aAdam, Bronwyn E.423Contributor biographical informationuhttp://www.loc.gov/catdir/bios/wiley046/2002004711.html423Publisher descriptionuhttp://www.loc.gov/catdir/description/wiley039/2002004711.html423Table of contentsuhttp://www.loc.gov/catdir/toc/wiley031/2002004711.html cBBkDIA c5238d5238 00102ddc40708 aMAINbMAINc1STd2007-10-22epurchasel0o371.2 DIAp000006366r2025-07-15 00:00:00yBB